[Event "Barcelona Sant Marti op-B 23rd"]
[Site "Barcelona"]
[Date "2023.07.14"]
[Round "2"]
[White "Asmita, Das"]
[Black "Ramirez Cruz, Alberto"]
[Result "1-0"]
[WhiteElo "1759"]
[BlackElo "1614"]
[PlyCount "143"]
[EventDate "2023.07.13"]
[EventType "swiss"]
[EventRounds "9"]
[EventCountry "ESP"]
[SourceTitle "CBM 215 Extra"]
[Source "ChessBase"]
[SourceDate "2023.09.30"]
[SourceVersion "1"]
[SourceVersionDate "2023.09.30"]
[SourceQuality "1"]

1. e4 c6 2. d4 d5 3. Nc3 dxe4 4. Nxe4 Nf6 5. Ng3 h5 6. h4 c5 7. Bb5+ Nc6 8. Bxc6+ bxc6 9. Qf3 cxd4 10. Qxc6+ Bd7 11. Qc4 e5 12. Nf3 Bd6 13. Bg5 Rc8 14. Qe2 Qa5+ 15. Bd2 Qd5 16. Bg5 Bb5 17. Qd2 Ne4 18. Nxe4 Qxe4+ 19. Kd1 f6 20. Re1 Qc6 21. Nxd4 Qd5 22. Nf5 Qxd2+ 23. Bxd2 Bf8 24. f4 Bd7 25. Ng3 Bg4+ 26. Kc1 Bc5 27. Ne4 Kd7 28. c3 Rhe8 29. b4 Bb6 30. Kb2 exf4 31. Bxf4 Rc4 32. Rad1+ Bxd1 33. Rxd1+ Kc6 34. b5+ Kxb5 35. Nd6+ Kc5 36. Nxe8 Rxf4 37. Nxg7 Rf2+ 38. Kb3 Rxg2 39. Nxh5 Rh2 40. Rd4 Kc6 41. Rc4+ Kb7 42. Nxf6 Bd8 43. Ne4 Rxh4 44. Nd6+ Kb6 45. Rxh4 Bxh4 46. Kc4 Kc6 47. Nf5 Bf2 48. Nd4+ Kb6 49. Kd5 Be3 50. c4 a6 51. Nb3 Bf2 52. a4 Be1 53. c5+ Kc7 54. Nd4 Bg3 55. Ne6+ Kd7 56. c6+ Kc8 57. Nc5 a5 58. Nb7 Be1 59. Kd6 Bg3+ 60. Kc5 Be1 61. Kb6 Bf2+ 62. Kxa5 Kc7 63. Kb5 Ba7 64. Nc5 Kb8 65. a5 Kc7 66. Ne6+ Kb8 67. c7+ Kb7 68. a6+ Kc8 69. Kc6 Be3 70. Ng7 Ba7 71. Ne8 Bg1 72. Nd6# 1-0